书目信息 |
| 题名: |
体型肌肉健美
|
|
| 作者: | 蔡宇之 著 | |
| 分册: | ||
| 出版信息: | 北京 北京师范大学出版社 1990.2 |
|
| 页数: | 76页 | |
| 开本: | 21cm | |
| 丛书名: | ||
| 单 册: | ||
| 中图分类: | G833 | |
| 科图分类: | ||
| 主题词: | 体操 | |
| 电子资源: | ||
| ISBN: | 7-303-00741-5 | |
| 000 | 00524nam0 2200193 45 | |
| 001 | 0405070951 | |
| 005 | 20040507090328.0 | |
| 010 | @a7-303-00741-5@dCNY1.00 | |
| 100 | @a20040507d1990 km y0chiy0120 ea | |
| 101 | 0 | @achi |
| 105 | @a z 000yy | |
| 200 | 1 | @a体型肌肉健美@ATi Xing Ji Rou Jian Mei@f蔡宇之著@FCai Yu Zhi Zhu |
| 210 | @a北京@d1990.2@c北京师范大学出版社 | |
| 215 | @a76页@d21cm | |
| 606 | 0 | @a体操 |
| 690 | @aG833@v3 | |
| 701 | 0 | @a蔡宇之@4著 |
| 801 | @aCN@bTSTCL@c20040507 | |
| 905 | @f5@b251375-379@dG833@e12 | |
| 体型肌肉健美/蔡宇之著.-北京,1990.2:北京师范大学出版社 |
| 76页;21cm |
| ISBN 7-303-00741-5:CNY1.00 |
| ● |
| 相关链接 |
|
|
|
|
正题名:体型肌肉健美
索取号:G833/12
 
预约/预借
| 序号 | 登录号 | 条形码 | 馆藏地/架位号 | 状态 | 备注 |
| 1 | 0251375 | 000991494 | 密集书库/ [索取号:G833/12] | 在馆 | |
| 2 | 0251376 | 000991555 | 第一样本阅览室/ [索取号:G833/12] | 在馆 | |
| 3 | 0251377 | 000991546 | 密集书库/ [索取号:G833/12] | 在馆 | |
| 4 | 0251378 | 000991564 | 密集书库/ [索取号:G833/12] | 在馆 | |
| 5 | 0251379 | 000991500 | 密集书库/ [索取号:G833/12] | 在馆 |